Sports Quiz

Random Sports or Letter Quiz

Premier League Goalscorers by 5 Letter Name (A-Z) Quiz Stats

 Plays Quiz not verified by Sporcle

Challenge
Share
Tweet
Embed
Score 0/26 Timer 05:00
0 Plays Today
Letter Player % Correct
KRobbie Keane
89.6%
HThierry Henry
86.5%
YDwight Yorke
82.3%
DJermain Defoe
80.2%
GRyan Giggs
80.2%
QNiall Quinn
79.2%
JKenwyne Jones
67.7%
TCarlos Tevez
50%
X *Xisco
50%
NKevin Nolan
43.8%
EJason Euell
42.7%
PRobert Pires
40.6%
SGary Speed
35.4%
Letter Player % Correct
ULeonardo Ulloa
29.2%
IMuzzy Izzet
28.1%
BGareth Barry
27.1%
ZChristian Ziege
27.1%
MMichu or Luke Moore
25%
OLeon Osman
24%
WDavid White
21.9%
AJuan Pablo Angel
15.6%
CJohn Carew
13.5%
VNemanja Vidic
12.5%
RJohn Arne Riise
8.3%
LSteve Lomas
7.3%
FGianluca Festa or Sean Flynn
3.1%

You're not logged in!

Compare scores with friends on all Sporcle quizzes.
Join for Free
OR
Log In

You Might Also Like...

Show Comments

Extras

Top Quizzes Today


Score Distribution

Your Account Isn't Verified!

In order to create a playlist on Sporcle, you need to verify the email address you used during registration. Go to your Sporcle Settings to finish the process.

Report this User

Report this user for behavior that violates our Community Guidelines.

Details: